000 00809nas a2200265 4500
001 BR2013006519
003 BR-BrBNA
005 20231205122840.0
007 ta
008 230509b bl.|||p| |||| 00| 00por d
040 _aBR-BrBNA
_bpor
_cBiblioteca Nacional de Agricultura
041 _a(En)
072 _aQ04
100 1 _aGonçalves, E.V.
100 1 _aLannes, S.C. da S.
245 1 _aChocolate rheology
650 _aPROPRIEDADE REOLÓGICA
650 _aANÁLISE FÍSICA
650 _aTEXTURA
650 _aTECNOLOGIA DE ALIMENTO
773 0 _tCiência e Tecnologia de Alimentos (Brazil)
_xISSN 1678-457X
_g(Oct-Dec 2010), v. 30(4) p. 845-851
_wBR2013006519
856 4 0 _uhttp://www.scielo.br/pdf/cta/v30n4/v30n4a02.pdf
909 _a202311
_bLúcia
_c55
_dLúcia Elande
942 _2AGRIS
_n0
_cANA
999 _c230900
_d230900